Pedro's journal : (Record no. 1863)

MARC details
000 -LEADER
fixed length control field 01644cam a2200385 a 4500
001 - CONTROL NUMBER
control field 1863
003 - CONTROL NUMBER IDENTIFIER
control field FISKH
005 - DATE AND TIME OF LATEST TRANSACTION
control field 20240704115508.0
008 - FIXED-LENGTH DATA ELEMENTS--GENERAL INFORMATION
fixed length control field 901120s1991 paua j 000 1 eng
010 ## - LIBRARY OF CONGRESS CONTROL NUMBER
LC control number 90085723
020 ## - INTERNATIONAL STANDARD BOOK NUMBER
International Standard Book Number 1878093177 :
020 ## - INTERNATIONAL STANDARD BOOK NUMBER
International Standard Book Number 9780590462068
040 ## - CATALOGING SOURCE
Original cataloging agency DLC
Transcribing agency DLC
Modifying agency DLC
Language of cataloging eng
042 ## - AUTHENTICATION CODE
Authentication code lcac
050 00 - LIBRARY OF CONGRESS CALL NUMBER
Classification number PZ7.C76476
082 00 - DEWEY DECIMAL CLASSIFICATION NUMBER
Classification number 973
100 1# - MAIN ENTRY--PERSONAL NAME
Personal name Conrad, Pam.
245 10 - TITLE STATEMENT
Title Pedro's journal :
Remainder of title a voyage with Christopher Columbus, August 3, 1492-February 14, 1493 /
Statement of responsibility, etc. by Pam Conrad ; illustrated by Peter Koeppen.
250 ## - EDITION STATEMENT
Edition statement First Scholastic printing, September 1992
260 ## - PUBLICATION, DISTRIBUTION, ETC.
Place of publication, distribution, etc. Honesdale :
Name of publisher, distributor, etc. Scholastic,
Date of publication, distribution, etc. 1991.
300 ## - PHYSICAL DESCRIPTION
Extent 80 pages :
Other physical details illustrations ;
Dimensions 20 cm.
520 ## - SUMMARY, ETC.
Summary, etc. The cabin boy on the "Santa Maria" keeps a diary which records his experiences when he sails with Columbus on his first voyage to the New World in 1492.
521 8# - TARGET AUDIENCE NOTE
Target audience note 1030<br/>
Source Lexile <br/>
600 10 - SUBJECT ADDED ENTRY--PERSONAL NAME
Personal name Columbus, Christopher
General subdivision Juvenile fiction.
600 11 - SUBJECT ADDED ENTRY--PERSONAL NAME
Personal name Columbus, Christopher
General subdivision Fiction.
650 #1 - SUBJECT ADDED ENTRY--TOPICAL TERM
Topical term or geographic name entry element Diaries
General subdivision Fiction.
651 #0 - SUBJECT ADDED ENTRY--GEOGRAPHIC NAME
Geographic name America
General subdivision Discovery and exploration
-- Spanish
-- Juvenile fiction.
651 #1 - SUBJECT ADDED ENTRY--GEOGRAPHIC NAME
Geographic name America
General subdivision Discovery and exploration
-- Spanish
-- Fiction.
700 1# - ADDED ENTRY--PERSONAL NAME
Personal name Koeppen, Peter,
Relator term illustrator
856 42 - ELECTRONIC LOCATION AND ACCESS
Materials specified Contributor biographical information
Uniform Resource Identifier <a href="http://www.loc.gov/catdir/enhancements/fy1211/90085723-b.html">http://www.loc.gov/catdir/enhancements/fy1211/90085723-b.html</a>
856 42 - ELECTRONIC LOCATION AND ACCESS
Materials specified Publisher description
Uniform Resource Identifier <a href="http://www.loc.gov/catdir/enhancements/fy1211/90085723-d.html">http://www.loc.gov/catdir/enhancements/fy1211/90085723-d.html</a>
906 ## - LOCAL DATA ELEMENT F, LDF (RLIN)
a 7
b cbc
c orignew
d 2
e opcn
f 19
g y-gencatlg
942 ## - ADDED ENTRY ELEMENTS (KOHA)
Source of classification or shelving scheme Dewey Decimal Classification
Koha item type Books
Suppress in OPAC No
Holdings
Withdrawn status Lost status Source of classification or shelving scheme Damaged status Not for loan Collection Home library Current library Shelving location Date acquired Total Checkouts Full call number Barcode Date last seen Copy number Price effective from Koha item type
    Dewey Decimal Classification     Fiction Footprints International School Library Network Toul Kork Campus Footprints International School Library Network Toul Kork Campus A TK Campus, 4th Floor, Room B401, Fiction Bookcases (1-6) 10/06/2023   CON 973 PZ7.C76476 FISTK04870 10/06/2023 1 10/06/2023 Books
    Dewey Decimal Classification     Fiction Footprints International School Library Network Toul Kork Campus Footprints International School Library Network Toul Kork Campus TTP Secondary Fiction Bookshelves 10/06/2023   CON 973 PZ7.C76476 FISSE00170 01/08/2024 2 10/06/2023 Books
    Dewey Decimal Classification     Fiction Footprints International School Library Network Toul Kork Campus Footprints International School Library Network Toul Kork Campus A TK Campus, 4th Floor, Room B401, Fiction Bookcases (1-6) 07/04/2024   CON 973 PZ7.C76476 FISTK05476 07/04/2024 3 07/04/2024 Books